000 00312nam a2200145Ia 4500
100 _aShah/ J.M.Jagdish Lal
942 _cBK
654 _aMachines
245 _aTheory of Machines
260 _bMetropolitan Book Co
_aDelhi
_c1968
082 _a621.8
_bSHA
300 _a767
546 _aENGLISH
999 _c21651
_d21651